Bleeding Out Lyrics - Imagine Dragons - Statistics

General Stats
  • This quiz has been taken 110 times
  • The average score is 284 of 359
Answer Stats
Answer % Correct
I
100%
You
100%
Bleed
98%
Bleeding
98%
I’m
98%
Out
98%
The
98%
And
97%
Do
97%
For
95%
In
95%
Last
93%
Thing
92%
That
90%
Down
88%
I’ll
87%
It
87%
My
87%
Bring
85%
If
80%
Is
80%
Eyes
77%
Take
77%
When
77%
So
75%
To
73%
Close
72%
Skin
70%
Be
68%
Me
68%
Sins
67%
Count
62%
On
62%
Day
60%
But
58%
Tell
55%
Will
55%
Come
53%
Hold
53%
Bare
52%
What
52%
All
47%
Has
47%
Gone
45%
Innocence
45%
Way
43%
Your
43%
Around
42%
I’ve
42%
Sky
42%
Are
40%
Gray
40%
Oh
40%
Turns
40%
Was
40%
Right
38%
Heart
37%
Lost
37%
‘Cause
35%
Cry
35%
Seasons
35%
Wrong
35%
Find
33%
Beating
32%
Everything
32%
Just
32%
Know
32%
Wolves
32%
Inside
30%
Stop
30%
Beneath
28%
Ground
28%
Nigh
28%
Red
28%
Hide
27%
Hopelessness
27%
Reach
27%
Screaming
27%
Sinking
27%
Night
25%
Scarecrow
25%
With
23%
Darkness
22%
Emptiness
22%
Hollering
18%
Hour
18%
Fed
17%
Fill
15%
No matching quizzes found
Score Distribution
Percent of People with Each Score
Percentile by Number Answered
Your Score History
You have not taken this quiz